LEADER 01577oam 2200433M 450 001 9910716181703321 005 20200213070905.2 035 $a(CKB)5470000002518295 035 $a(OCoLC)1065595854 035 $a(OCoLC)995470000002518295 035 $a(EXLCZ)995470000002518295 100 $a20071213d1926 ua 0 101 0 $aeng 135 $aurcn||||||||| 181 $ctxt$2rdacontent 182 $cc$2rdamedia 183 $acr$2rdacarrier 200 10$aObservance of Armistice Day. June 3, 1926. -- Referred to the House Calendar and ordered to be printed 210 1$a[Washington, D.C.] :$c[U.S. Government Printing Office],$d1926. 215 $a1 online resource (1 pages) 225 1 $aHouse report / 69th Congress, 1st session. House ;$vno. 1362 225 1 $a[United States congressional serial set] ;$v[serial no. 8537] 300 $aBatch processed record: Metadata reviewed, not verified. Some fields updated by batch processes. 300 $aFDLP item number not assigned. 606 $aAnniversaries 606 $aArmistice Day 606 $aWorld War, 1914-1918 608 $aLegislative materials.$2lcgft 615 0$aAnniversaries. 615 0$aArmistice Day. 615 0$aWorld War, 1914-1918. 701 $aStobbs$b George Russell$f1877-1966$pRepublican (MA)$01389115 801 0$bWYU 801 1$bWYU 801 2$bOCLCO 906 $aBOOK 912 $a9910716181703321 996 $aObservance of Armistice Day. June 3, 1926. -- Referred to the House Calendar and ordered to be printed$93440225 997 $aUNINA